Fundamentals of nanoscale film analysis / (Record no. 7967)

MARC details
000 -LEADER
fixed length control field 01043nac a22002891u 4500
010 ## - LIBRARY OF CONGRESS CONTROL NUMBER
LC control number 2005933265
020 ## - INTERNATIONAL STANDARD BOOK NUMBER
International Standard Book Number 9780387292601 (hbk.)
020 ## - INTERNATIONAL STANDARD BOOK NUMBER
International Standard Book Number 0387292608 (hbk.)
020 ## - INTERNATIONAL STANDARD BOOK NUMBER
International Standard Book Number 0387292616 (e-book)
020 ## - INTERNATIONAL STANDARD BOOK NUMBER
International Standard Book Number 9780387292618 (e-book)
035 ## - SYSTEM CONTROL NUMBER
System control number (OCoLC)ocn124465046
082 00 - DEWEY DECIMAL CLASSIFICATION NUMBER
Classification number 621.38152
Item number ALF
090 ## - LOCALLY ASSIGNED LC-TYPE CALL NUMBER (OCLC); LOCAL CALL NUMBER (OCLC)
-- 7967
-- 7967
100 ## - MAIN ENTRY--PERSONAL NAME
Personal name Alford, Terry L.
245 10 - TITLE STATEMENT
Title Fundamentals of nanoscale film analysis /
Statement of responsibility, etc Terry L. Alford, Leonard C. Feldman and James W. Mayer.
260 ## - PUBLICATION, DISTRIBUTION, ETC. (IMPRINT)
Place of publication, distribution, etc New York, N.Y. ;
-- London :
Name of publisher, distributor, etc Springer,c2007.
Date of publication, distribution, etc c2007.
300 ## - PHYSICAL DESCRIPTION
Extent xiv, 336 p. :
Other physical details ill. ;
Dimensions 25 cm.
500 ## - GENERAL NOTE
General note Distributer: Al-Ahram.
504 ## - BIBLIOGRAPHY, ETC. NOTE
Bibliography, etc Includes bibliographical references and index.
511 ## - PARTICIPANT OR PERFORMER NOTE
Participant or performer note Catalogued By: Mahitab.
650 #0 - SUBJECT ADDED ENTRY--TOPICAL TERM
Topical term or geographic name as entry element Thin films.
650 #0 - SUBJECT ADDED ENTRY--TOPICAL TERM
Topical term or geographic name as entry element Nanostructured materials.
700 1# - ADDED ENTRY--PERSONAL NAME
Personal name Feldman, Leonard C.
700 1# - ADDED ENTRY--PERSONAL NAME
Personal name Mayer, James W.,
Dates associated with a name 1930-
856 41 - ELECTRONIC LOCATION AND ACCESS
Materials specified Table of contents only
Uniform Resource Identifier <a href="http://www.loc.gov/catdir/toc/fy0713/2005933265.html">http://www.loc.gov/catdir/toc/fy0713/2005933265.html</a>
942 ## - ADDED ENTRY ELEMENTS (KOHA)
Item type Book - Borrowing
Call number prefix 621.38152ALF
Holdings
Withdrawn status Item status Damaged status Not for loan Home library Current library Shelving location Date acquired Source of acquisition Total Checkouts Full call number Barcode Date last seen Koha item type
        Central Library Central Library First floor 08/02/2014 Purchase   621.38152ALF 000009722 15/07/2025 Book - Borrowing